000 00289 a2200133 4500
001 75869
040 _cAnchieta - Colégio São Paulo
100 _aEdelbra
240 1 0 _aPequeno polegar
_lpor
245 1 0 _aPequeno polegar
300 _a[16]
650 4 _aLiteratura infantil
942 _cBK
999 _c75869
_d75869